| 000 | 00740nam a22002297a 4500 | ||
|---|---|---|---|
| 001 | 982538 | ||
| 003 | OSt | ||
| 005 | 20230327032424.0 | ||
| 007 | hdrafa---baca | ||
| 007 | hdrbfa---baaa | ||
| 008 | 160923b xxu||||| |||| 00| 0 eng d | ||
| 010 | _a 85244345 | ||
| 040 |
_aMMU _cMMU _dMMU _beng |
||
| 050 | 0 | 0 | _aPZ3 .C8664 1993 |
| 100 | 1 | _a. | |
| 245 | 1 | 0 |
_aCrimes of passion : _cedited by Martin H. Greenberg/ _btwenty three tales of love and hate. |
| 260 |
_aLondon : _bMills & Boon, _c1922. |
||
| 300 |
_a469 p. : _c20 cm. |
||
| 533 |
_aMicrofilm. _bWashington, D.C. : _cLibrary of Congress Photoduplication Service, _c1986. _e1 microfilm reel ; 35 mm. |
||
| 906 |
_a7 _bcbc _corignew _d5 _encip _f19 _gy-genmicro |
||
| 942 |
_2lcc _cLOAN LOAN |
||
| 999 |
_c19122 _d19122 |
||